| 000 | 00513nam a2200181Ia 4500 | ||
|---|---|---|---|
| 008 | 240925s9999 xx 000 0 und d | ||
| 020 | _a9789332536449 | ||
| 082 | _a301.072 NEU | ||
| 100 | _aNeuman ,Lawrence W. | ||
| 245 | 0 | _aSocial Research Methods: qualitative and quantitative approaches | |
| 250 | _a7th | ||
| 260 |
_aNew Delhi: _bPearson Education _c,2013. |
||
| 300 |
_axxxii, 903p. _b0 _fOriginal |
||
| 500 | _aIncludes Index | ||
| 600 | _aSocial Sciences | ||
| 650 | _aSocial Sciences | ||
| 942 | _cBK | ||
| 999 |
_c15511 _d15511 |
||